Growth regulators in crop production / (Record no. 161939)

MARC details
000 -LEADER
fixed length control field 00649nam a2200217 a 4500
005 - DATE AND TIME OF LATEST TRANSACTION
control field 20230123134217.0
008 - FIXED-LENGTH DATA ELEMENTS--GENERAL INFORMATION
fixed length control field
050 00 - LIBRARY OF CONGRESS CALL NUMBER
Classification number SB128
-- LUC
003 - CONTROL NUMBER IDENTIFIER
control field
040 ## - CATALOGING SOURCE
Transcribing agency NUST
049 ## - LOCAL HOLDINGS (OCLC)
Holding library MAIN
100 1# - MAIN ENTRY--PERSONAL NAME
Personal name Luckwill, Leonard C.
245 10 - TITLE STATEMENT
Title Growth regulators in crop production /
Statement of responsibility, etc. Leonard C. Luckwill.
260 ## - PUBLICATION, DISTRIBUTION, ETC.
Place of publication, distribution, etc. London :
Name of publisher, distributor, etc. E. Arnold,
Date of publication, distribution, etc. 1981.
300 ## - PHYSICAL DESCRIPTION
Extent 59, [1] p. :
Other physical details ill. ;
Dimensions 22 cm.
440 #0 - SERIES STATEMENT/ADDED ENTRY--TITLE
Title Institute of Biology's studies in biology,
International Standard Serial Number 0537-9024 ;
Volume/sequential designation no. 129
504 ## - BIBLIOGRAPHY, ETC. NOTE
Bibliography, etc. note Bibliography: p. [60]
650 #0 - SUBJECT ADDED ENTRY--TOPICAL TERM
Topical term or geographic name entry element Plant regulators.
907 ## - LOCAL DATA ELEMENT G, LDG (RLIN)
a .b10203783
b 22-05-06
c 22-05-06
942 ## - ADDED ENTRY ELEMENTS (KOHA)
Koha item type Ordinary Loan Books
Holdings
Date last seen Total Checkouts Full call number Barcode Cost, replacement price Price effective from Koha item type Lost status Source of classification or shelving scheme Damaged status Not for loan Collection Withdrawn status Home library Current library Shelving location Date acquired Cost, normal purchase price
01/23/2023   SB128 LUC 92004001095 80.00 01/23/2023 BOOKS   LCC     NFIC   MAIN MAIN GEN 01/23/2023 80.00